000 00513nam a2200181Ia 4500
008 151202s9999||||xx |||||||||||||| ||und||
082 _bPNVM-52291
100 _aकवठेकर द.र.
245 _aआभाळाची सावली.
260 _b---
260 _c0
300 _a0
600 _aकवठेकर द.र.
630 _aआभाळाची सावली.
700 _aकवठेकर द.र.
730 _aआभाळाची सावली.
942 _cBOOK
999 _c1318831
_d1318828